Rodinná mediace v České republice /

Další autoři: Holá, Lenka, 1964-
Jazyk: Čeština
Vydáno: Praha : Leges, 2014
Edice: Teoretik
Témata:
Fyzický popis: 256 s. ; 21 cm
Language note: České a německé resumé
Knihy
Uloženo v:
LEADER 01932nam a2200529 a 4500
001 nkc20142576403
003 CZ PrNK
005 20140624090019.0
007 ta
008 140326s2014 xr f 000 0 cze
015 |a cnb002576403 
020 |a 978-80-7502-015-4  |q (brož.) 
035 |a (OCoLC)883371661 
040 |a ABA001  |b cze  |d OLA001 
041 0 |a cze  |b cze  |b ger 
043 |a e-xr--- 
072 7 |a 364-1/-7  |x Druhy sociální pomoci a služeb  |2 Konspekt  |9 18 
080 |a 316.362  |2 MRF 
080 |a 316.48:316.8  |2 MRF 
080 |a 364.642-78  |2 MRF 
080 |a (437.3)  |2 MRF 
080 |a (048.8:082)  |2 MRF 
245 0 0 |a Rodinná mediace v České republice /  |c Lenka Holá ... [et al.] 
260 |a Praha :  |b Leges,  |c 2014 
300 |a 256 s. ;  |c 21 cm 
490 1 |a Teoretik 
504 |a Obsahuje bibliografii, bibliografické odkazy a přehled souvisejících právních předpisů 
546 |a České a německé resumé 
650 0 7 |a rodina  |7 ph117260  |2 czenas 
650 0 7 |a rodinné konflikty  |7 ph814040  |2 czenas 
650 0 7 |a rodinná mediace  |7 ph813876  |2 czenas 
650 0 7 |a rodinná mediace  |7 ph813876  |z Česko  |2 czenas 
650 0 9 |a family  |2 eczenas 
650 0 9 |a family conflicts  |2 eczenas 
650 0 9 |a family mediation  |2 eczenas 
650 0 9 |a family mediation  |z Czechia  |2 eczenas 
655 7 |a kolektivní monografie  |7 fd501537  |2 czenas 
655 9 |a collective monographs  |2 eczenas 
700 1 |a Holá, Lenka,  |d 1964-  |7 mzk2003171538  |4 aut 
830 0 |a Teoretik  |0 s 
910 2 |a BOA001  |b 2-1326.124 
990 |a BK 
995 |a 01 
991 |b 201406  |c NOV  |e n 
996 6 |b 2610593054  |c 2-1326.124  |l MZK  |r Sklad / do 1 hodiny  |n 5  |p p.v.  |w 001426210  |u 000010  |a 1  |e BOA001  |j MZK50  |s P 
996 6 |b 2610595861  |c 2-1326.124  |l MZK  |r HSS 4p  |n 0  |p kup  |h 364 ROD  |w 001426210  |u 000020  |a 0  |e BOA001  |j MZK50  |s P 
996 7 |b 2610595862  |c 2-1326.124  |l Vol.výběr  |r VV 0p  |n 31  |p kup  |h 364 ROD  |w 001426210  |u 000030  |a 0  |e BOA001  |j MZK50  |s A